00421nam a2200145Ia 4500008004100000082001000041100003000051245003900081260000900120300000800129600003000137630003900167700003000206730003900236090711s9999 xx 000 0 und d b14724 aआपटे ह. ना. aयशवंतराव खरे c1965 a199 aआपटे ह. ना. aयशवंतराव खरे aआपटे ह. ना. aयशवंतराव खरे